| 000 | 00801nam a22003130a 4500 | ||
|---|---|---|---|
| 001 | PT39279 | ||
| 003 | AR-LpoUNG | ||
| 005 | 20250130090207.0 | ||
| 008 | 191001s1967||||ag |||||||||||||||||spa d | ||
| 040 |
_aAR-LpoUNG _bspa _cAR-LpoUNG _eaacr |
||
| 041 | 0 | _aspa | |
| 044 | _aag | ||
| 082 | 0 | _aA861 811san | |
| 100 | 1 | _aAscasubi, Hilario | |
| 245 | 1 | 0 | _aSantos Vega y otros poemas |
| 250 | _a1ra. ed. | ||
| 260 |
_aBuenos Aires : _bCentro Editor de América Latina, _c1967. |
||
| 300 |
_a93 p. : _bgráfs., tbls. |
||
| 650 | 4 | _aARGENTINA | |
| 650 | 4 | _aFOLKLORE | |
| 650 | 4 | _aIDENTIDAD CULTURAL | |
| 650 | 4 | _aLITERATURA | |
| 650 | 4 | _aPOESIA | |
| 653 | 0 | _aCOSTUMBRES | |
| 700 | 1 |
_aBecco, Horacio Jorge _esel. |
|
| 700 | 1 | _aCampo, Estanislao del | |
| 905 | _a39279 | ||
| 942 |
_cLIB _2ddc |
||
| 999 |
_c4926 _d4926 |
||